Catàleg del Col·legi de Periodistes de Catalunya

Recomanacions als mitjans audiovisuals sobre el tractament informatiu de la mort per suïcidi [Recurs electrònic] (Registre núm. 7932)

000 -CABECERA
Campo de control de longitud fija 00793nam a22001817a 4500
005 - FECHA Y HORA DE LA ÚLTIMA TRANSACCIÓN
Campo de control 20241118132114.0
008 - CAMPO FIJO DE DESCRIPCIÓN FIJA--INFORMACIÓN GENERAL
Campo de control de longitud fija 230717b ||||| |||| 00| 0 eng d
040 ## - FUENTE DE CATALOGACIÓN
Agencia de catalogación original CDMR
110 1# - ENCABEZAMIENTO PRINCIPAL--NOMBRE CORPORATIVO
9 (RLIN) 1064
Nombre corporativo o de jurisdicción como elemento de entrada Catalunya
Unidad subordinada -- Generalitat. Departament de Salut
245 ## - MENCIÓN DE TÍTULO
Título Recomanacions als mitjans audiovisuals sobre el tractament informatiu de la mort per suïcidi [Recurs electrònic]
Mención de responsabilidad, etc. / Generalitat de Catalunya. Departament de Salut, Consell de l'Audiovisual de Catalunya
260 ## - PUBLICACIÓN, DISTRIBUCIÓN, ETC (PIE DE IMPRENTA)
Lugar de publicación, distribución, etc. Barcelona :
Nombre del editor, distribuidor, etc. CAC,
Fecha de publicación, distribución, etc. 2016
300 ## - DESCRIPCIÓN FÍSICA
Extensión 1 recurs electrònic (16 pàgines)
650 #0 - ASIENTO SECUNDARIO DE MATERIA--TÉRMINO DE MATERIA
9 (RLIN) 983
Nombre de materia o nombre geográfico como elemento de entrada Ètica periodística
Subdivisión geográfica Catalunya
650 #0 - ASIENTO SECUNDARIO DE MATERIA--TÉRMINO DE MATERIA
9 (RLIN) 4965
Nombre de materia o nombre geográfico como elemento de entrada Suïcidi
710 1# - ENCABEZAMIENTO SECUNDARIO--NOMBRE CORPORATIVO
9 (RLIN) 828
Nombre corporativo o de jurisdicción como elemento de entrada Consell de l'Audiovisual de Catalunya
856 ## - ACCESO ELECTRÓNICO
Identificador uniforme del recurso URI <a href="https://omeka.periodistes.cat/items/show/720">https://omeka.periodistes.cat/items/show/720</a>
Nota Pública Accés en línia
942 ## - ELEMENTOS KOHA
Fuente de clasificación o esquema de ordenación en estanterías
Koha tipo de item Llibres electrònics
Fons
Suprimido Perdido Fuente de clasificación o esquema de ordenación en estanterías Estropeado No se presta Localización (Biblioteca) Sublocalización o Colección (subbiblioteca) Fecha de adquisición Koha préstamos (veces que ha sido prestado) Koha signatura completa Koha Fecha de último uso Precio Koha tipo de item
          Centre de Documentació Montserrat Roig Centre de Documentació Montserrat Roig 2024-09-10   Disponible en línia 2024-09-10 2024-09-10 Recursos en línia

Implantat amb Koha